000 00621cam a22002174a 4500
005 20250605164123.0
008 250528s ||||||||||||||||||||||||d
035 _a18356
020 _a333595068
040 _aGR-AtMCL
_bgre
_dGR-AtMCL
_eAACR2
245 1 _aInformation Systems Development / An Introduction to Information Systems Engineering
250 _a2nd
260 _c1993
300 _a340
520 _aPreface, Context, Tools, Techniques, Methods, Environment, Index.
700 1 _aBeynon-Davies Paul
_94632
942 _cBK
710 2 _aMacmillan Company
_99720
999 _c3718
_d3718